Nonlinear dynamics (Record no. 1344)
[ view plain ]
| 000 -LEADER | |
|---|---|
| fixed length control field | 00966 a2200241 4500 |
| 008 - FIXED-LENGTH DATA ELEMENTS--GENERAL INFORMATION | |
| fixed length control field | 080822t xxu||||| |||| 00| 0 eng d |
| 010 ## - LIBRARY OF CONGRESS CONTROL NUMBER | |
| LC control number | ENG-85099 |
| 020 ## - INTERNATIONAL STANDARD BOOK NUMBER | |
| International Standard Book Number | 8188689165 |
| Terms of availability | 325.00 |
| 035 ## - SYSTEM CONTROL NUMBER | |
| System control number | EN-68632 |
| 037 ## - SOURCE OF ACQUISITION | |
| Source of stock number/acquisition | D.B.Act / Pub |
| 082 ## - DEWEY DECIMAL CLASSIFICATION NUMBER | |
| Classification number | 515.352 |
| 100 ## - MAIN ENTRY--PERSONAL NAME | |
| Personal name | Solari, H. G. |
| 245 ## - TITLE STATEMENT | |
| Title | Nonlinear dynamics |
| Remainder of title | a two way trip from physics to math |
| Statement of responsibility, etc | by H. G. Solari, M. A. Natiello and G. B. Mindlin |
| 260 ## - PUBLICATION, DISTRIBUTION, ETC. (IMPRINT) | |
| Place of publication, distribution, etc | New Delhi |
| Name of publisher, distributor, etc | Overseas Press India |
| Date of publication, distribution, etc | 2005 |
| 270 ## - ADDRESS | |
| Address | 7/28, Ansari Road, Darya Ganj |
| City | New Delhi |
| Postal code | 110 002 |
| Electronic mail address | overseas@de13.vsnl.nic.in |
| 300 ## - PHYSICAL DESCRIPTION | |
| Extent | xiii, 347p. |
| Other physical details | 22cm.(Pbk) |
| 500 ## - GENERAL NOTE | |
| General note | includes bibliographical refrences and index |
| 700 ## - ADDED ENTRY--PERSONAL NAME | |
| Personal name | Natiello, M. A. |
| 700 ## - ADDED ENTRY--PERSONAL NAME | |
| Personal name | Mindlin, G. B. |
| 710 ## - ADDED ENTRY--CORPORATE NAME | |
| Subordinate unit | . |
| 942 ## - ADDED ENTRY ELEMENTS (KOHA) | |
| Institution code [OBSOLETE] | dpl |
| Koha item type | English Books |
| Call number prefix | 515.352 / SOL |
| Source of classification or shelving scheme | Dewey Decimal Classification |
| Classification part | 515.352 |
| Call number suffix | SOL |
| Withdrawn status | Lost status | Damaged status | Not for loan | Home library | Current library | Date acquired | Cost, normal purchase price | Total Checkouts | Full call number | Barcode | Date last seen | Copy number | Uniform Resource Identifier | Cost, replacement price | Price effective from | Koha item type |
|---|---|---|---|---|---|---|---|---|---|---|---|---|---|---|---|---|
| D.B.Act.Division | D.B.Act.Division | 22/08/2008 | 325.00 | 515.352 SOL | EN-68632 | 15/09/2008 | 1 | 1417 | 325.00 | 15/09/2008 | English Books |
